Nâng cao kỹ năng phát âm cho người việt học tiếng anh qua việc xử lý các hiện tượng đồng hóa âm (MS: B2005-13-10)

Guardat en:
Dades bibliogràfiques
Autor principal: TS. Ngũ Thiện Hùng
Format: Desconegut
Idioma:English
Publicat: Bộ GD&ĐT 2007
Matèries:
Etiquetes: Afegir etiqueta
Sense etiquetes, Sigues el primer a etiquetar aquest registre!
Thư viện lưu trữ: Mạng thư viện Đại học Đà Nẵng
LEADER 01154na a2200253 4500
001 000031028
003 5321
005 20151001092423.0
008 151001s2007 000 eng
082 |a 420.4  |b NG-H 
100 |a TS. Ngũ Thiện Hùng 
245 |a Nâng cao kỹ năng phát âm cho người việt học tiếng anh qua việc xử lý các hiện tượng đồng hóa âm (MS: B2005-13-10)  |c TS. Ngũ Thiện Hùng 
260 |a Bộ GD&ĐT  |c 2007 
300 |a 103tr. : mh ; 30cm 
650 |a Nâng cao kỹ năng phát âm cho người việt học tiếng anh qua việc xử lý các hiện tượng đồng hóa âm, MS: B2005-13-10, ÂM, PHÁT ÂM, 2007, 103TR, TIẾNG ANH, ENGLISH, Doctor of Philosophy 
OWN |a LNN 
AVA |a UDN50  |b LNN  |d 420.4 NG-H  |e available  |t Error 5001 Not defined in file expand_doc_bib_avail.  |f 1  |g 0  |h N  |i 0  |k 1 
999 |a From the UDN01 
AVA |a UDN50  |b LNN  |d 420.4 NG-H  |e available  |t Error 5001 Not defined in file expand_doc_bib_avail.  |f 1  |g 0  |h N  |i 0  |k 1 
TYP |a Printed language 
980 |a Mạng thư viện Đại học Đà Nẵng